LEADER 02049nam 2200505 450 001 9910794838703321 005 20200923020339.0 010 $a1-61499-777-2 035 $a(CKB)4340000000190421 035 $a(MiAaPQ)EBC4908231 035 $a(Au-PeEL)EBL4908231 035 $a(CaPaEBR)ebr11409789 035 $a(OCoLC)993432981 035 $a(EXLCZ)994340000000190421 100 $a20170809h20172017 uy 0 101 0 $aeng 135 $aurcnu|||||||| 181 $2rdacontent 182 $2rdamedia 183 $2rdacarrier 200 00$aAddressing emerging security risks for energy networks in South Caucasus /$fedited by Jurate Novogrockiene and Eva Siaulyte 210 1$aAmsterdam, Netherlands ;$aBerlin, [Germany] ;$aWashington, [District of Columbia] :$cIOS Press,$d2017. 210 4$dİ2017 215 $a1 online resource (88 pages) $cillustrations (some color), graphs 225 1 $aNATO Science for Peace and Security Series. E, Human and Societal Dynamics,$x1879-8268 ;$vVolume 137 300 $a"Therefore, an Advanced Research Workshop "Addressing Emerging Security Risks for Energy Flows over South Caucasus" took place on 5-6 of December 2016 in Tbilisi." 311 $a1-61499-776-4 320 $aIncludes bibliographical references at the end of each chapters and indexes. 410 0$aNATO science for peace and security series.$nE,$pHuman and societal dynamics ;$vVolume 137. 606 $aEnergy security$vCongresses 606 $aEnergy security$zCaucasus, South$vCongresses 606 $aEnergy industries$xSecurity measures$zCaucasus, South$vCongresses 615 0$aEnergy security 615 0$aEnergy security 615 0$aEnergy industries$xSecurity measures 676 $a333.79 702 $aNovogrockiene$b Jurate 702 $aSiaulyte$b Eva 801 0$bMiAaPQ 801 1$bMiAaPQ 801 2$bMiAaPQ 906 $aBOOK 912 $a9910794838703321 996 $aAddressing emerging security risks for energy networks in South Caucasus$93773978 997 $aUNINA LEADER 02769nam 2200601 450 001 9910817097303321 005 20230807212114.0 010 $a0-19-992996-3 010 $a0-19-971374-X 035 $a(CKB)3710000000260896 035 $a(EBL)1819544 035 $a(OCoLC)893739817 035 $a(SSID)ssj0001409287 035 $a(PQKBManifestationID)11835514 035 $a(PQKBTitleCode)TC0001409287 035 $a(PQKBWorkID)11359068 035 $a(PQKB)10879178 035 $a(Au-PeEL)EBL1819544 035 $a(CaPaEBR)ebr10955256 035 $a(MiAaPQ)EBC1819544 035 $a(EXLCZ)993710000000260896 100 $a20141031h20152015 uy 0 101 0 $aeng 135 $aur|n|---||||| 181 $ctxt 182 $cc 183 $acr 200 10$aDemocracy $ea world history /$fTemma Kaplan 210 1$aNew York :$cOxford University Press,$d2015. 210 4$dİ2015 215 $a1 online resource (177 p.) 225 1 $aNew Oxford World History 300 $aDescription based upon print version of record. 311 $a0-19-533808-1 320 $aIncludes bibliographical references and index. 327 $aDemocracy: A World History; Copyright; Contents; Editors' Preface; Introduction; Chapter 1 Parting the Waters and Organizing the People; Chapter 2 Prophetic Movements and Cities of Promise; Chapter 3 Democracy against All Odds; Chapter 4 Which People Shall Rule?; Chapter 5 Social Revolution and Participatory Democracy; Chapter 6 Civil Disobedience and Racial Justice; Chapter 7 Optimism and Outrage in Struggles for Democracy; Chapter 8 New World Dawning; Chronology; Notes; Further Reading; Websites; Acknowledgments; Index 330 $aAt a moment when the term ""Democracy"" is evoked to express inchoate aspirations for peace and social change or particular governmental systems that may or may not benefit more than a select minority of the population, this book examines attempts from ancient Mesopotemia to the democratic movements of the early twenty-first century to sustain and improve their own lives and those of outsiders who have migrated into territory they regard as their own. Democratic activists have formed organizations to regulate the distribution of water, to restore the environment, and to assure that they and th 410 0$aNew Oxford world history. 606 $aDemocracy 606 $aGovernment accountability 606 $aState, The 615 0$aDemocracy. 615 0$aGovernment accountability. 615 0$aState, The. 676 $a321.8 700 $aKaplan$b Temma$01181588 801 0$bMiAaPQ 801 1$bMiAaPQ 801 2$bMiAaPQ 906 $aBOOK 912 $a9910817097303321 996 $aDemocracy$93951371 997 $aUNINA